Statistics for german domination

Click here to take the quiz!

General Stats

  • This quiz has been taken 28 times
  • The average score is 32 of 38

Answer Stats

HintAnswer% Correct
EuropeAustria
96%
EuropeCroatia
96%
EuropeCzech Republic
96%
EuropeFrance
96%
EuropeHungary
96%
EuropePoland
96%
EuropeBelgium
92%
EuropeBosnia
92%
EuropeBulgaria
92%
EuropeItaly
92%
EuropeNetherlands
92%
Asia/EuropeRussia
92%
EuropeSerbia
92%
EuropeSlovakia
92%
EuropeSlovenia
92%
EuropeUkraine
92%
EuropeAlbania
88%
EuropeRomania
88%
EuropeGreece
84%
EuropeLatvia
84%
EuropeLuxembourg
84%
EuropeMontenegro
84%
AfricaMorocco
84%
EuropeSan Marino
84%
EuropeBelarus
80%
EuropeEstonia
80%
EuropeGermany
80%
EuropeKosovo
80%
EuropeLithuania
80%
AfricaAlgeria
76%
EuropeMacedonia
76%
AfricaTunisia
76%
EuropeVatican City
76%
EuropeFinland
72%
EuropeMoldova
72%
AsiaArmenia
68%
AsiaGeorgia
68%
AsiaAzerbaijan
64%

Score Distribution

Percentile by Number Answered

Percent of People with Each Score

Your Score History

You have not taken this quiz